Vyaktivikaasaasaathee Vidyaavrata (Record no. 349946)
[ view plain ]
| 000 -LEADER | |
|---|---|
| fixed length control field | 003760000a22001690004500 |
| 005 - DATE AND TIME OF LATEST TRANSACTION | |
| control field | 20120302060008.0 |
| 040 ## - CATALOGING SOURCE | |
| Original cataloging agency | MAR |
| 245 ## - TITLE STATEMENT | |
| Title | Vyaktivikaasaasaathee Vidyaavrata |
| 260 ## - PUBLICATION, DISTRIBUTION, ETC. (IMPRINT) | |
| Place of publication, distribution, etc | Pune:Dnyaan Prabodhinee,1993. |
| 300 ## - PHYSICAL DESCRIPTION | |
| Extent | 112p. |
| 365 ## - TRADE PRICE | |
| Price amount | 25/- |
| 650 ## - SUBJECT ADDED ENTRY--TOPICAL TERM | |
| Topical term or geographic name as entry element | Shikshan |
| 650 ## - SUBJECT ADDED ENTRY--TOPICAL TERM | |
| Topical term or geographic name as entry element | Vyakteevikaas |
| 650 ## - SUBJECT ADDED ENTRY--TOPICAL TERM | |
| Topical term or geographic name as entry element | Sanskaar |
| 650 ## - SUBJECT ADDED ENTRY--TOPICAL TERM | |
| Topical term or geographic name as entry element | Lekha-Vikaas |
| 942 ## - ADDED ENTRY ELEMENTS (KOHA) | |
| Koha item type | Book |
| Withdrawn status | Lost status | Damaged status | Not for loan | Home library | Current library | Date acquired | Total Checkouts | Barcode | Date last seen | Price effective from |
|---|---|---|---|---|---|---|---|---|---|---|
| Institute For Oriental Study, Thane | Institute For Oriental Study, Thane | 12/02/2009 | IOS-14634 | 12/02/2009 | 12/02/2009 |